Copy my Lead! #1 - Statistics

General Stats
  • This quiz has been taken 37 times
  • The average score is 42 of 45
Answer Stats
Hint Answer % Correct
3 3
100%
5 5
100%
6 6
100%
7 7
100%
9 9
100%
Okay, so just copy the hint. Alright! Say Yes please. Yes
100%
0 0
97%
0 0
97%
1 1
97%
1 1
97%
1 1
97%
2 2
97%
2 2
97%
2 2
97%
3 3
97%
3 3
97%
4 4
97%
4 4
97%
4 4
97%
6 6
97%
7 7
97%
8 8
97%
8 8
97%
9 9
97%
9 9
97%
Press Start to start the game! Press Start
97%
8 8
94%
0 0
91%
0 0
91%
1 1
91%
2 2
91%
3 3
91%
4 4
91%
5 5
91%
5 5
91%
6 6
91%
7 7
91%
7 7
91%
8 8
91%
9 9
91%
5 5
88%
6 6
88%
Good job! You may click, "End" End
88%
There. Now! End
82%
Wait, one more time. End
73%
No matching quizzes found
Score Distribution
Percent of People with Each Score
Percentile by Number Answered
Your Score History
You have not taken this quiz